Movies Quiz

Random Movies or Century Quiz

TSPDT's 1000 21st Century Films, 601-700 (2016 Update) Quiz Stats

Quiz not verified by Sporcle

Challenge
Share
Tweet
Embed
Score 0/100 Timer 20:00
0 Plays Today
Director Film % Correct
J.J. AbramsStar Trek
90.4%
Mel GibsonThe Passion of the Christ
90.4%
Joss WhedonThe Avengers
88.5%
Robert Rodriguez & Frank MillerSin City
88.5%
Edgar WrightThe World's End
86.5%
David FincherThe Girl with the Dragon Tattoo
84.6%
Edgar WrightHot Fuzz
84.6%
Darren AronofskyThe Fountain
80.8%
Steven SpielbergBridge of Spies
80.8%
Lee DanielsPrecious: Based on the Novel by Sapphire
78.8%
Christopher GuestBest in Show
78.8%
Duncan JonesMoon
76.9%
Spike LeeInside Man
73.1%
Christopher GuestA Mighty Wind
67.3%
Gore VerbinskiThe Ring
65.4%
J.C. ChandorMargin Call
63.5%
Denis VilleneuveIncendies
63.5%
Park Chan-wookLady Vengeance
59.6%
Hayao MiyazakiPonyo
59.6%
Marc Webb(500) Days of Summers
57.7%
Werner HerzogBad Lieutenant: Port of Call - New Orleans
55.8%
David MametState and Main
53.8%
Jim JarmuschThe Limits of Control
46.2%
Juan Antonio BayonaThe Orphanage
44.2%
Peter StricklandThe Duke of Burgundy
44.2%
David MichôdAnimal Kingdom
42.3%
Spike LeeWhen the Levees Broke: A Requiem in Four Acts
42.3%
Michael WinterbottomThe Trip
40.4%
Joe WrightPride & Prejudice
40.4%
Olivier AssayasClouds of Sils Maria
38.5%
Jared HessNapoleon Dynamite
34.6%
Lone ScherfigAn Education
30.8%
Kiyoshi KurosawaTokyo Sonata
28.8%
Johnnie ToDrug War
26.9%
Director Film % Correct
Mike FiggisTimecode
26.9%
Patty JenkinsMonster
25%
Maren AdeEveryone Else
25%
Wolfang BeckerGood Bye, Lenin!
25%
Hou Hsiao-hsienThe Assassin
25%
Kim Ki-duk3-Iron
23.1%
Asif KapadiaSenna
23.1%
Tom McCarthyWin Win
23.1%
Aleksey GermanHard to Be a God
23.1%
Paolo SorrentinoIl Divo
23.1%
Alain GuiraudieStranger by the Lake
19.2%
Wim WendersPina
19.2%
Tsai Ming-liangStray Dogs
15.4%
Alejandro AmenábarThe Sea Inside
15.4%
Phillip NoyceThe Quiet American
15.4%
Patrice ChéreauIntimacy
11.5%
Ira SachsLove is Strange
11.5%
Mohsen MakhmalbafKandahar
9.6%
Claude ChabrolMerci pour le chocolat
7.7%
Jafar PanahiTaxi Tehran
7.7%
Julio MedemSex and Lucia
7.7%
Kim Ki-dukThe Isle
7.7%
Kiyoshi KurosawaBright Future
5.8%
Mamoru OshiiGhost in the Shell 2: Innocence
5.8%
Johnnie ToExiled
5.8%
Ben LewinThe Sessions
5.8%
Tamara JenkinsThe Savages
5.8%
Lucien Castaing-TaylorSweetgrass
5.8%
Alain ResnaisYou Ain't Seen Nothin' Yet
5.8%
Claude LanzmannThe Last of the Unjust
5.8%
Stephane Aubier & Vincent PatarA Town Called Panic
5.8%
Raymond DepardonModern Life
3.8%
Hong Sang-sooTurning Gate
3.8%
Peter SollettRaising Victor Vargas
3.8%
Director Film % Correct
Arnaud DesplechinEsther Kahn
3.8%
Jean-Luc GodardOrigins of the 21st Century
3.8%
Frederick WisemanDomestic Violence
3.8%
Rithy PanhThe Missing Picture
3.8%
Jeff MalmbergMarwencol
3.8%
Frederick WisemanBoxing Gym
3.8%
Jean-Marie Straub & Danièle HuilletA Visit to the Louvre
3.8%
Lav DiazNorte, the End of History
3.8%
Lauren GreenfieldThe Queen of Versailles
3.8%
Samira MakhmalbafBlackboards
3.8%
James BenningRR
3.8%
Dror MorehThe Gatekeepers
3.8%
Garin NugrohoOpera Jawa
1.9%
Jeff FeuerzeigThe Devil and Daniel Johnston
1.9%
Bahman GhobadiTurtly Can Fly
1.9%
Chris Hegedusstartup.com
1.9%
João César MonteiroVai-E-Vem
1.9%
Jehane NoujaimControl Room
1.9%
Robert BeaversThe Ground
1.9%
Pietro MarcelloThe Mouth of the Wolf
1.9%
Pascale FerranLady Chatterley
1.9%
Agnès JaouiLook at Me
1.9%
James BenningEl Valley Centro
1.9%
Dominique CabreraThe Milk of Human Kindness
1.9%
Eric RohmerThe Romance of Astrea and Celadon
1.9%
Jean-Claude RousseauLa Vallée close
1.9%
Ju An QiThere's a Strong Wind in Beijing
1.9%
Monte HellmanRoad to Nowhere
1.9%
Eugene JareckiThe House I Live In
1.9%
Carl Deal & Tia LessinTrouble the Water
1.9%
Eugene GreenLe Pont des Arts
1.9%
Marco BellocchioGood Morning, Night
1.9%

You're not logged in!

Compare scores with friends on all Sporcle quizzes.
Sign Up with Email
OR
Log In

You Might Also Like...

Show Comments

Extras

Top Quizzes Today


Score Distribution

Your Account Isn't Verified!

In order to create a playlist on Sporcle, you need to verify the email address you used during registration. Go to your Sporcle Settings to finish the process.